[Event "Tournoi des pays de l'OTAN 2012"]
[Site "BREST (France)"]
[Date "2012.10.02"]
[Round "2.16"]
[White "Bower, Scott"]
[Black "Gooris, Jan"]
[Result "0-1"]
[WhiteElo "1786"]
[BlackElo "2101"]
[PlyCount "68"]
[EventDate "2012.??.??"]

1. Nf3 c5 2. g3 Nc6 3. Bg2 Nf6 4. d3 g6 5. b3 Bg7 6. Bb2 O-O 7. c4 a6 8. O-O b5
9. Nbd2 Qb6 10. Rb1 Bb7 11. Ne5 Nxe5 12. Bxe5 Bxg2 13. Kxg2 b4 14. h3 Rfd8 15.
e4 Nxe4 16. Bxg7 Nxd2 17. Qxd2 Kxg7 18. Rbe1 e6 19. h4 h5 20. Re2 a5 21. Qb2+
f6 22. a4 bxa3 23. Qxa3 a4 24. bxa4 Qc6+ 25. Kh2 Rxa4 26. Qc1 Rb8 27. Qe3 Rb3
28. Rd1 Rab4 29. Rc2 Rb1 30. Qe2 Qb7 31. Qe1 Rxd1 32. Qxd1 Rb1 33. Rc1 Rb2 34.
Rc2 Qb3 0-1

[Event "Tournoi des pays de l'OTAN 2012"]
[Site "BREST (France)"]
[Date "2012.10.02"]
[Round "2.17"]
[White "Helbig, Mark"]
[Black "De Cat, Ben"]
[Result "1-0"]
[WhiteElo "2308"]
[BlackElo "1911"]
[PlyCount "79"]
[EventDate "2012.??.??"]

1. e4 d6 2. d4 Nc6 3. d5 Nb8 4. c4 e5 5. Nc3 f5 6. Bd3 fxe4 7. Nxe4 Nf6 8. Bg5
Be7 9. Bxf6 Bxf6 10. Qc2 g6 11. Ne2 Bf5 12. N2g3 Bxe4 13. Nxe4 Nd7 14. O-O O-O
15. b4 Bg7 16. Rab1 b6 17. Rfd1 Bh6 18. Rb3 Nf6 19. g3 Qe7 20. Nxf6+ Rxf6 21.
Be4 Rff8 22. Ra3 a6 23. Rdd3 Qg5 24. Rd1 Qe7 25. Kg2 Qd7 26. f3 Bg5 27. Rdd3
Qg7 28. c5 bxc5 29. bxc5 Rfb8 30. Rdb3 Qf8 31. c6 Kg7 32. Rb7 Qc8 33. Rab3 Qd8
34. h4 Bh6 35. h5 Rc8 36. hxg6 hxg6 37. Bxg6 Qg5 38. Bf5 Rf8 39. Rxc7+ Kf6 40.
Rbb7 1-0

[Event "Tournoi des pays de l'OTAN 2012"]
[Site "BREST (France)"]
[Date "????.??.??"]
[Round "2.18"]
[White "Kruit, Erik"]
[Black "Guidez, Yann-Michael"]
[Result "0-1"]
[WhiteElo "1994"]
[BlackElo "2262"]
[PlyCount "96"]

1. e4 b6 2. Nf3 Bb7 3. Nc3 e6 4. d4 Bb4 5. Bd3 Nf6 6. Qe2 d5 7. Bg5 dxe4 8.
Bxf6 exd3 9. Bxd8 dxe2 10. Bxc7 Nd7 11. Bf4 Bxc3+ 12. bxc3 Rc8 13. Bd2 Nf6 14.
a4 O-O 15. h4 Rc7 16. Rh3 Rfc8 17. Ra3 Be4 18. Kxe2 Bf5 19. Rh1 Nd5 20. Rha1
Nxc3+ 21. Bxc3 Rxc3 22. Ne1 R3c4 23. Ke3 f6 24. g3 Bxc2 25. Nxc2 Rxc2 26. Rb1
R8c3+ 27. Rxc3 Rxc3+ 28. Ke4 Ra3 29. Rb4 Kf7 30. Rc4 Kg6 31. g4 h5 32. f3 Ra1
33. Kf4 a5 34. g5 Rd1 35. gxf6 Kxf6 36. Ke4 Re1+ 37. Kf4 Rb1 38. Ke4 g5 39.
hxg5+ Kxg5 40. f4+ Kg4 41. Ke5 Re1+ 42. Kf6 h4 43. f5 exf5 44. d5+ f4 45. Rd4
h3 46. d6 h2 47. d7 h1=Q 48. d8=Q Qh4+ 0-1

[Event "Tournoi des pays de l'OTAN 2012"]
[Site "BREST (France)"]
[Date "2012.10.02"]
[Round "2.19"]
[White "Engelen, Johan"]
[Black "Schott, Guido"]
[Result "1/2-1/2"]
[WhiteElo "1953"]
[BlackElo "2192"]
[PlyCount "27"]
[EventDate "2012.??.??"]

1. c4 d6 2. g3 e5 3. Bg2 Nc6 4. Nc3 g6 5. d3 Bg7 6. e4 Nf6 7. Nge2 Be6 8. Nd5
Ne7 9. O-O Nfxd5 10. cxd5 Bd7 11. Be3 O-O 12. d4 c6 13. dxe5 dxe5 14. Nc3
1/2-1/2

[Event "Tournoi des pays de l'OTAN 2012"]
[Site "BREST (France)"]
[Date "2012.10.02"]
[Round "2.20"]
[White "Kocur, Marc"]
[Black "Karbowiak, Adam"]
[Result "0-1"]
[WhiteElo "1891"]
[BlackElo "2154"]
[PlyCount "100"]
[EventDate "2012.??.??"]

1. c4 Nf6 2. g3 g6 3. Bg2 Bg7 4. Nc3 O-O 5. d3 d6 6. e3 c5 7. Nge2 Nc6 8. O-O
Bf5 9. e4 Bd7 10. h3 a6 11. f4 Rb8 12. a4 Qc7 13. g4 Nd4 14. Nxd4 cxd4 15. Ne2
b5 16. axb5 axb5 17. b3 Bc6 18. Qc2 Nxe4 19. cxb5 Rxb5 20. Ra7 Qxa7 21. Qxc6
Nc3 22. Ng3 Rxb3 23. f5 Rb1 24. fxg6 hxg6 25. Qf3 Qa1 26. Bg5 Rxf1+ 27. Qxf1
Qxf1+ 28. Kxf1 Be5 29. Bxe7 Bxg3 30. Bxf8 Kxf8 31. Bc6 Ke7 32. Kg2 Be1 33. Kf3
Ke6 34. g5 Nd5 35. Ba4 Bd2 36. h4 Nf4 37. Bb5 Be3 38. Ba6 Kf5 39. Bb7 d5 40.
Ba6 Ne6 41. Bc8 Ke5 42. Ba6 Nc5 43. Bb5 Ke6 44. Kg4 Nd7 45. Ba4 Ne5+ 46. Kg3
Kd6 47. Bb5 Kc5 48. Ba6 Kb4 49. h5 Bxg5 50. hxg6 fxg6 0-1

[Event "Tournoi des pays de l'OTAN 2012"]
[Site "BREST (France)"]
[Date "2012.10.02"]
[Round "2.21"]
[White "Nielsen, Rene O"]
[Black "Pazeriene, Diana"]
[Result "0-1"]
[WhiteElo "2150"]
[BlackElo "2030"]
[PlyCount "38"]
[EventDate "2012.??.??"]

1. e4 c6 2. d4 d5 3. Nc3 dxe4 4. Nxe4 Nd7 5. Nf3 Ngf6 6. Bd3 Nxe4 7. Bxe4 Nf6
8. Bd3 Bg4 9. Be3 e6 10. O-O Be7 11. c4 O-O 12. Be2 Qc7 13. h3 Bh5 14. a3 Rfd8
15. b4 Bxf3 16. Bxf3 e5 17. c5 Nd5 18. Be4 exd4 19. Bxd4 Nf4 0-1

[Event "Tournoi des pays de l'OTAN 2012"]
[Site "BREST (France)"]
[Date "2012.10.02"]
[Round "2.22"]
[White "Koopmeiners, Karl"]
[Black "De Waard, Marco"]
[Result "1/2-1/2"]
[WhiteElo "2015"]
[BlackElo "2117"]
[PlyCount "48"]
[EventDate "2012.??.??"]

1. d4 d5 2. c4 c6 3. Nf3 Nf6 4. e3 e6 5. Nc3 Nbd7 6. Bd3 dxc4 7. Bxc4 b5 8. Bd3
Bb7 9. O-O a6 10. e4 c5 11. d5 Qc7 12. dxe6 fxe6 13. Ng5 Qc6 14. f3 h6 15. Nh3
O-O-O 16. Qe2 b4 17. Nb1 Ne5 18. Bc2 g5 19. Nf2 Bd6 20. a3 a5 21. Rd1 Ba6 22.
Qe1 Bc7 23. axb4 cxb4 24. Ba4 Bb5 1/2-1/2

[Event "Tournoi des pays de l'OTAN 2012"]
[Site "BREST (France)"]
[Date "2012.10.02"]
[Round "2.23"]
[White "Picart, Laurent"]
[Black "Geerts, Luc"]
[Result "1-0"]
[WhiteElo "2103"]
[BlackElo "1596"]
[PlyCount "61"]
[EventDate "2012.??.??"]

1. d4 d5 2. c4 c6 3. Nf3 Nf6 4. Nc3 g6 5. e3 Bg7 6. Be2 O-O 7. O-O Nbd7 8. cxd5
cxd5 9. Qb3 e6 10. Bd2 a6 11. Rfc1 Ne4 12. Be1 Nd6 13. Rc2 b5 14. a4 bxa4 15.
Nxa4 Rb8 16. Qa2 Bb7 17. Bb4 Nb6 18. Ba5 Ndc8 19. Rac1 Qd6 20. Nc5 Nc4 21. Nxb7
Rxb7 22. Bxc4 dxc4 23. Rxc4 Na7 24. Bc7 Qd5 25. Qxa6 Rxb2 26. h3 Nb5 27. Bf4
Ra8 28. Qxa8+ Qxa8 29. Rc8+ Qxc8 30. Rxc8+ Bf8 31. Bh6 1-0

[Event "Tournoi des pays de l'OTAN 2012"]
[Site "BREST (France)"]
[Date "2012.10.02"]
[Round "2.24"]
[White "Toll, Alec"]
[Black "Musselman, Charles"]
[Result "1/2-1/2"]
[WhiteElo "2054"]
[BlackElo "1872"]
[PlyCount "29"]
[EventDate "2012.??.??"]

1. d4 Nc6 2. Nf3 d5 3. Bf4 Bf5 4. c3 e6 5. e3 Bd6 6. Bd3 Nge7 7. O-O O-O 8. Re1
Ng6 9. Bg3 Bxd3 10. Qxd3 f5 11. Nbd2 Qf6 12. Bxd6 cxd6 13. c4 dxc4 14. Nxc4 d5
15. Ncd2 1/2-1/2

[Event "Tournoi des pays de l'OTAN 2012"]
[Site "BREST (France)"]
[Date "2012.10.02"]
[Round "2.25"]
[White "Tucker, David S"]
[Black "Van Den Heuvel, Tonnie"]
[Result "1/2-1/2"]
[WhiteElo "2117"]
[BlackElo "1874"]
[PlyCount "56"]
[EventDate "2012.??.??"]

1. e4 d6 2. d4 Nd7 3. Nd2 e5 4. c3 c6 5. Ngf3 Qc7 6. Be2 Be7 7. O-O h6 8. a4 g5
9. dxe5 dxe5 10. Nc4 g4 11. Nfd2 h5 12. b4 Nf8 13. Re1 Nf6 14. Ba3 Ng6 15. Ne3
Nh7 16. Bc4 Be6 17. Qb3 Ng5 18. Rad1 Nh4 19. b5 Rd8 20. bxc6 bxc6 21. Bxe7 Qxe7
22. Bxe6 fxe6 23. Kh1 Qf6 24. Ndc4 O-O 25. Rxd8 Rxd8 26. Rd1 Rf8 27. Qc2 Qf4
28. Nd6 Qxf2 1/2-1/2

[Event "Tournoi des pays de l'OTAN 2012"]
[Site "BREST (France)"]
[Date "2012.10.02"]
[Round "2.26"]
[White "Narman, Gokhan"]
[Black "Dekker, Ard"]
[Result "1-0"]
[WhiteElo "2075"]
[BlackElo "1866"]
[PlyCount "81"]
[EventDate "2012.??.??"]

1. d4 Nf6 2. c4 g6 3. g3 Bg7 4. Bg2 O-O 5. Nc3 d6 6. e4 e5 7. d5 Nbd7 8. Nge2
Ne8 9. Be3 c5 10. dxc6 bxc6 11. Qd2 Qc7 12. O-O f6 13. Rad1 Rf7 14. b3 Nf8 15.
c5 dxc5 16. Bxc5 Ne6 17. Be3 Bf8 18. Qc2 Qa5 19. Rb1 c5 20. Nd5 Ba6 21. Rfc1
Nd4 22. Nxd4 cxd4 23. Bd2 Qd8 24. b4 Rc8 25. Qb3 Nd6 26. Rxc8 Bxc8 27. b5 Kg7
28. a4 Bb7 29. a5 Rd7 30. b6 axb6 31. axb6 Bc8 32. Nc7 Qe7 33. Bb4 Bb7 34. Rc1
Qf7 35. Qa3 Be7 36. Qa4 Bd8 37. Bxd6 Bxc7 38. Rxc7 Rxc7 39. bxc7 Qe6 40. Qb4
Ba6 41. Bf1 1-0

[Event "Tournoi des pays de l'OTAN 2012"]
[Site "BREST (France)"]
[Date "2012.10.02"]
[Round "2.27"]
[White "Ross, David"]
[Black "Berrak, Sedat"]
[Result "0-1"]
[WhiteElo "1810"]
[BlackElo "2040"]
[PlyCount "103"]
[EventDate "2012.??.??"]

1. e4 c5 2. Nc3 Nc6 3. g3 g6 4. Bg2 Bg7 5. d3 d6 6. Be3 Nf6 7. h3 Bd7 8. Qd2 h6
9. f4 Qb8 10. Nce2 e5 11. g4 Qc7 12. c3 h5 13. f5 hxg4 14. fxg6 fxg6 15. Ng3
O-O-O 16. h4 Nh5 17. N1e2 Be6 18. O-O Rdf8 19. b4 Qe7 20. Rxf8+ Rxf8 21. Bg5
Bf6 22. Rf1 Bxg5 23. Rxf8+ Qxf8 24. Qxg5 Qf6 25. bxc5 Qxg5 26. hxg5 dxc5 27. a3
Nf4 28. Nc1 b5 29. Bf1 Kc7 30. Kf2 a5 31. Ke3 b4 32. cxb4 cxb4 33. axb4 axb4
34. Nce2 b3 35. d4 exd4+ 36. Nxd4 Nxd4 37. Kxf4 Kd6 38. Bd3 Nf3 39. Ne2 Kc5 40.
Ke3 b2 41. Bb1 Kb4 42. Nd4 Nxd4 43. Kxd4 g3 44. Ke3 Kc3 45. Kf3 Bc4 46. e5 Bd3
47. Ba2 b1=Q 48. Bxb1 Bxb1 49. Kxg3 Bf5 50. Kf4 Kd4 51. e6 Bxe6 52. Kf3 0-1

[Event "Tournoi des pays de l'OTAN 2012"]
[Site "BREST (France)"]
[Date "2012.10.02"]
[Round "2.28"]
[White "Nielsen, Henrik"]
[Black "Dilek, Cihan"]
[Result "0-1"]
[WhiteElo "2037"]
[BlackElo "1867"]
[PlyCount "88"]
[EventDate "2012.??.??"]

1. d4 Nf6 2. Nf3 e6 3. Bf4 c5 4. e3 Be7 5. h3 b6 6. Nbd2 Bb7 7. Bd3 d5 8. c3
O-O 9. Ne5 Nbd7 10. Qf3 a5 11. h4 Nxe5 12. dxe5 Nd7 13. Qh5 f5 14. exf6 Nxf6
15. Qe5 Qc8 16. f3 c4 17. Bc2 Qd7 18. O-O-O b5 19. g4 Ne8 20. Ne4 Ra6 21. Qh5
Nf6 22. Nxf6+ Rxf6 23. Bxh7+ Kf8 24. Bg6 Rxg6 25. Qxg6 e5 26. Qh7 exf4 27. g5
fxe3 28. Rd4 Bd6 29. h5 Qf7 30. h6 Be5 31. Rdh4 gxh6 32. Qxf7+ Kxf7 33. Rxh6
Rg6 34. Rh7+ Bg7 35. f4 d4 36. Rf1 e2 37. Rg1 Kg8 38. Rh2 d3 39. Kd2 b4 40. f5
bxc3+ 41. bxc3 Rb6 42. f6 Bf8 43. Rh3 Rb2+ 44. Kc1 d2+ 0-1

[Event "Tournoi des pays de l'OTAN 2012"]
[Site "BREST (France)"]
[Date "????.??.??"]
[Round "2.29"]
[White "Giedraitis, Mingaudas"]
[Black "Aagaard, Gert"]
[Result "0-1"]
[WhiteElo "1800"]
[BlackElo "2030"]
[PlyCount "82"]

1. e4 d6 2. d4 Nf6 3. Bd3 Nbd7 4. Ne2 e5 5. O-O c6 6. c3 Qc7 7. Bg5 h6 8. Bh4
Be7 9. Nd2 Nf8 10. Nc4 g5 11. Bg3 Ng6 12. f3 Nh5 13. Bc2 Nhf4 14. Bf2 b6 15.
Ne3 Ba6 16. c4 Nxe2+ 17. Qxe2 Nf4 18. Qd2 exd4 19. Nf5 c5 20. b3 Bf6 21. Bd3
Bc8 22. Rfe1 Be5 23. g3 Ne6 24. Kg2 Bd7 25. Rab1 a5 26. a3 Bc6 27. Qc2 Ng7 28.
Nxg7+ Bxg7 29. g4 Be5 30. a4 h5 31. h3 hxg4 32. fxg4 O-O-O 33. Qe2 Rh6 34. Rh1
Qe7 35. Rbf1 Rf6 36. Qc2 Re6 37. Kf3 Bf4 38. Qe2 Be3 39. Kg2 Rxe4 40. Re1 Rxg4+
41. Kf1 Rg2 0-1

[Event "Tournoi des pays de l'OTAN 2012"]
[Site "BREST (France)"]
[Date "????.??.??"]
[Round "2.30"]
[White "Redman, Michael"]
[Black "Cohnen, Michael"]
[Result "1-0"]
[WhiteElo "2016"]
[BlackElo "1809"]
[PlyCount "25"]

1. d4 Nf6 2. c4 e5 3. dxe5 Ng4 4. Nf3 Bb4+ 5. Bd2 Qe7 6. Nc3 Nxe5 7. Nxe5 Qxe5
8. a3 Be7 9. Nd5 O-O 10. Bf4 Qxb2 11. Nxe7+ Kh8 12. Nxc8 Rxc8 13. Qc1 1-0

[Event "Tournoi des pays de l'OTAN 2012"]
[Site "BREST (France)"]
[Date "2012.10.02"]
[Round "2.31"]
[White "Choate, Paul"]
[Black "Chwieseni, Edward"]
[Result "1-0"]
[WhiteElo "2024"]
[BlackElo "1794"]
[PlyCount "105"]
[EventDate "2012.??.??"]

1. d4 d5 2. c4 c6 3. Nc3 g6 4. e3 Nf6 5. h3 Bg7 6. Nf3 O-O 7. Be2 Bf5 8. O-O
Nbd7 9. Nh4 e5 10. Nxf5 gxf5 11. dxe5 Nxe5 12. cxd5 Nxd5 13. Qc2 Nxc3 14. bxc3
Qf6 15. Rb1 b5 16. Ba3 Rfd8 17. Bc5 f4 18. exf4 Qxf4 19. Be3 Qf6 20. Bd4 Qg6
21. Qb3 a5 22. a4 bxa4 23. Qxa4 Qe4 24. Qa2 a4 25. Rb4 Bf8 26. Bc5 Qd5 27. Qxd5
cxd5 28. Bxf8 Kxf8 29. Ra1 a3 30. Rb3 a2 31. Rb2 Ra3 32. Raxa2 Rxc3 33. Rd2 d4
34. Ra5 Nc4 35. Bxc4 Rxc4 36. f3 Rc3 37. Kf2 d3 38. Ra1 Re8 39. Rad1 Rc2 40.
Rxc2 dxc2 41. Rc1 Rc8 42. Ke2 Ke7 43. Kd2 Ke6 44. Rxc2 Rxc2+ 45. Kxc2 Ke5 46.
g3 f5 47. Kd3 Kf6 48. f4 h5 49. Kd4 Ke6 50. Kc5 Kf6 51. Kd6 Kf7 52. Ke5 Kg6 53.
h4 1-0

[Event "Tournoi des pays de l'OTAN 2012"]
[Site "BREST (France)"]
[Date "2012.10.02"]
[Round "2.32"]
[White "Echavarria Hidalgo, Fernando"]
[Black "Patron, Pascal"]
[Result "0-1"]
[WhiteElo "1774"]
[BlackElo "2015"]
[PlyCount "32"]
[EventDate "2012.??.??"]

1. d4 d5 2. c4 Nc6 3. cxd5 Qxd5 4. Nf3 e5 5. e3 Bg4 6. Be2 exd4 7. exd4 Nf6 8.
O-O Bd6 9. Nc3 Qh5 10. Re1 O-O 11. g3 Rfe8 12. a3 Rxe2 13. Nxe2 Bxf3 14. Qd3
Re8 15. Be3 Be4 16. Qd2 Qf3 0-1

[Event "Tournoi des pays de l'OTAN 2012"]
[Site "BREST (France)"]
[Date "2012.10.02"]
[Round "2.33"]
[White "Rosseel, Kimball"]
[Black "Baxted, Peter"]
[Result "0-1"]
[WhiteElo "1786"]
[BlackElo "2003"]
[PlyCount "90"]
[EventDate "2012.??.??"]

1. d4 Nf6 2. Nf3 e6 3. e3 Be7 4. Bd3 O-O 5. O-O d5 6. b3 c5 7. Bb2 b6 8. Nbd2
Ba6 9. c4 Nc6 10. a3 Na5 11. Qc2 cxd4 12. exd4 Rc8 13. Ne5 h6 14. f4 Bd6 15.
Rf3 Qc7 16. Rc1 Qe7 17. a4 Bb4 18. Bc3 Rc7 19. g4 Bxc3 20. Qxc3 Nd7 21. Nxd7
Qxd7 22. c5 Bxd3 23. Qxd3 Rfc8 24. Rcf1 bxc5 25. dxc5 Rb8 26. g5 h5 27. Rh3 g6
28. Rb1 Rb4 29. Qc3 Nc6 30. Rf3 a5 31. h4 Ne7 32. Kh2 Nf5 33. Kh3 Rc6 34. Rc1
Qc7 35. Qf6 Qe7 36. Qc3 Nd4 37. Rf2 Qc7 38. Qe3 Nf5 39. Qc3 Rxf4 40. Rxf4 Qxf4
41. Rf1 Qg4+ 42. Kh2 Qxh4+ 43. Kg2 Qxg5+ 44. Kf2 Qh4+ 45. Kg2 d4 0-1

[Event "Tournoi des pays de l'OTAN 2012"]
[Site "BREST (France)"]
[Date "2012.10.02"]
[Round "2.34"]
[White "Bellemare, Regis"]
[Black "Portman, Carl"]
[Result "1/2-1/2"]
[WhiteElo "1764"]
[BlackElo "1994"]
[PlyCount "107"]
[EventDate "2012.??.??"]

1. e4 e6 2. d4 d5 3. Nc3 Nf6 4. e5 Nfd7 5. f4 c5 6. Nf3 Nc6 7. Be3 a6 8. a4 Qb6
9. Rb1 Be7 10. g4 cxd4 11. Nxd4 Bh4+ 12. Ke2 Nxd4+ 13. Qxd4 Qxd4 14. Bxd4 f6
15. exf6 Bxf6 16. Bxf6 gxf6 17. Rd1 Nb6 18. Bg2 Bd7 19. a5 Nc4 20. b4 Rc8 21.
Rc1 Nd6 22. Kd2 Rc4 23. Rhf1 Rxb4 24. Rce1 Kd8 25. h3 Nc4+ 26. Kc1 Nxa5 27. f5
exf5 28. Nxd5 Ra4 29. Nxf6 Ra1+ 30. Kb2 Rxe1 31. Rxe1 Rf8 32. Nxh7 Rf7 33. Ng5
Rg7 34. Ne6+ Bxe6 35. Rxe6 fxg4 36. hxg4 Rxg4 37. Bd5 Rd4 38. Bf3 Kc7 39. Kc3
Rd6 40. Rxd6 Kxd6 41. Be2 Kc5 42. Bd3 Nc6 43. Kb3 b5 44. c3 a5 45. Ka3 Ne5 46.
Be2 Nc4+ 47. Ka2 Ne3 48. Kb2 Nd5 49. Bd3 Nf4 50. Bf1 a4 51. Ka3 Nd5 52. Bxb5
Nxc3 53. Bxa4 Nxa4 54. Kxa4 1/2-1/2

[Event "Tournoi des pays de l'OTAN 2012"]
[Site "BREST (France)"]
[Date "2012.10.02"]
[Round "2.35"]
[White "Sycz, Dariusz"]
[Black "Langer, Herb"]
[Result "1-0"]
[WhiteElo "1990"]
[BlackElo "1773"]
[PlyCount "37"]
[EventDate "2012.??.??"]

1. d4 d5 2. c4 c6 3. Nf3 Nf6 4. Nc3 Bg4 5. Ne5 Bh5 6. Qb3 b6 7. cxd5 cxd5 8. e4
e6 9. Bb5+ Nbd7 10. Bg5 Be7 11. Bxf6 Bxf6 12. Nxd7 Qxd7 13. Bxd7+ Kxd7 14. exd5
Rhe8 15. O-O Bg6 16. Rac1 Rad8 17. Qa4+ Ke7 18. Qa3+ Kd7 19. Nb5 1-0

[Event "Tournoi des pays de l'OTAN 2012"]
[Site "BREST (France)"]
[Date "2012.10.02"]
[Round "2.36"]
[White "Ulusoy, Mustafa"]
[Black "Nyberg, Darwin"]
[Result "0-1"]
[WhiteElo "1707"]
[BlackElo "1971"]
[PlyCount "63"]
[EventDate "2012.??.??"]

1. d4 d5 2. c4 Nc6 3. e3 e6 4. Nf3 Nf6 5. a3 Be7 6. Nc3 O-O 7. Bd3 a6 8. O-O
dxc4 9. Bxc4 b5 10. Bd3 Bb7 11. Ne4 g6 12. Qc2 Nd7 13. Bd2 e5 14. Rac1 f5 15.
Nxe5 Ncxe5 16. dxe5 Nxe5 17. Nc5 Bxc5 18. Be2 Bd6 19. Qb3+ Rf7 20. Rfd1 Qh4 21.
f4 Ng4 22. Bxg4 Qxg4 23. e4 Bxe4 24. Qg3 Qxg3 25. hxg3 Rd7 26. Ba5 Re8 27. Kh2
c6 28. Bb4 Bd5 29. Bxd6 Rxd6 30. Re1 Rde6 31. Rxe6 Rxe6 32. Rc2 0-1

[Event "Tournoi des pays de l'OTAN 2012"]
[Site "BREST (France)"]
[Date "2012.10.02"]
[Round "2.37"]
[White "Vercauteren, Daniel"]
[Black "Bublys, Vaidotas"]
[Result "0-1"]
[WhiteElo "1642"]
[BlackElo "1930"]
[PlyCount "58"]
[EventDate "2012.??.??"]

1. Nc3 d5 2. e4 d4 3. Nce2 e5 4. Ng3 Be6 5. Nf3 Nd7 6. c3 c5 7. Bb5 Bd6 8. O-O
Ngf6 9. d3 h6 10. c4 O-O 11. Bxd7 Bxd7 12. Bd2 Bg4 13. h3 Bd7 14. Nh4 Re8 15.
Nhf5 Bb8 16. Qc1 Re6 17. Nxg7 Kxg7 18. Nf5+ Kh7 19. Bxh6 Qg8 20. Bg7 Nxe4 21.
dxe4 Rg6 22. Ne7 Qxg7 23. Nxg6 Qxg6 24. Kh2 Qxe4 25. Qg5 Qg6 26. Qh4+ Kg7 27.
Rad1 Bc6 28. f3 e4+ 29. Kh1 e3 0-1

[Event "Tournoi des pays de l'OTAN 2012"]
[Site "BREST (France)"]
[Date "2012.10.02"]
[Round "2.38"]
[White "Csizmadia, Csaba"]
[Black "Stuhr, Finn"]
[Result "0-1"]
[WhiteElo "1913"]
[BlackElo "1653"]
[PlyCount "56"]
[EventDate "2012.??.??"]

1. d4 Nf6 2. c4 b6 3. Nc3 Bb7 4. Nf3 d6 5. d5 e6 6. e4 e5 7. Bd3 Nbd7 8. O-O
Be7 9. h3 h6 10. Nh2 Nh7 11. f4 exf4 12. Bxf4 Bg5 13. Bg3 Bh4 14. Qf3 O-O 15.
Bxh4 Qxh4 16. Nb5 Qd8 17. Ng4 Ne5 18. Nxe5 dxe5 19. Qg3 a6 20. Nc3 Qd6 21. Rf5
Rae8 22. Raf1 Bc8 23. R5f2 Kh8 24. Rxf7 Rxf7 25. Rxf7 Ng5 26. Rf1 Qg6 27. h4
Nh3+ 28. Qxh3 Bxh3 0-1

[Event "Tournoi des pays de l'OTAN 2012"]
[Site "BREST (France)"]
[Date "2012.10.02"]
[Round "2.39"]
[White "Parisse, Denis"]
[Black "Langelier, Frederic"]
[Result "1-0"]
[WhiteElo "1903"]
[BlackElo "1281"]
[PlyCount "53"]
[EventDate "2012.??.??"]

1. e4 c5 2. f4 d5 3. e5 e6 4. Nf3 Bd7 5. c3 Nh6 6. Bd3 c4 7. Bc2 Na6 8. b4 cxb3
9. axb3 Nc5 10. b4 Ne4 11. d3 Ng4 12. dxe4 Qb6 13. Qd4 Qb5 14. Ba4 Qc4 15.
Bxd7+ Kxd7 16. Qxc4 dxc4 17. h3 Nh6 18. Be3 g6 19. Rxa7 Rb8 20. Na3 Bxb4 21.
cxb4 c3 22. Ke2 Rhd8 23. Rd1+ Ke8 24. Rxd8+ Kxd8 25. Nd4 Ke8 26. Ndb5 Rc8 27.
Nd6+ 1-0

[Event "Tournoi des pays de l'OTAN 2012"]
[Site "BREST (France)"]
[Date "2012.10.02"]
[Round "2.40"]
[White "Ghiacy, Jelani"]
[Black "Adolfssen, Rico"]
[Result "0-1"]
[WhiteElo "1193"]
[BlackElo "1876"]
[PlyCount "64"]
[EventDate "2012.??.??"]

1. e4 c6 2. d4 d5 3. e5 Bf5 4. Nf3 h6 5. Nc3 e6 6. a3 Nd7 7. Bd3 Bxd3 8. Qxd3
a6 9. b4 Ne7 10. Nh4 Nb6 11. Nd1 Nc4 12. Ne3 b5 13. c3 Nc8 14. Nf3 N8b6 15.
Nxc4 Nxc4 16. a4 Be7 17. a5 g5 18. h3 Kd7 19. Nd2 Qg8 20. Nb3 h5 21. g3 Rf8 22.
Nd2 f5 23. Nxc4 bxc4 24. Qf1 Qg6 25. f4 gxf4 26. Bxf4 h4 27. Rg1 hxg3 28. Rxg3
Bh4 29. Qg2 Bxg3+ 30. Qxg3 Qxg3+ 31. Bxg3 Rxh3 32. Kf2 f4 0-1

[Event "Tournoi des pays de l'OTAN 2012"]
[Site "BREST (France)"]
[Date "2012.10.02"]
[Round "3.4"]
[White "Gooris, Jan"]
[Black "Nill, Oliver"]
[Result "1/2-1/2"]
[WhiteElo "2101"]
[BlackElo "2193"]
[PlyCount "72"]
[EventDate "2012.??.??"]

1. d4 g6 2. Nf3 Bg7 3. g3 Nf6 4. Bg2 O-O 5. O-O d6 6. c4 c5 7. Nc3 Nc6 8. d5
Na5 9. Qd3 a6 10. Bd2 Rb8 11. e4 b5 12. b3 bxc4 13. bxc4 Bg4 14. Nh4 Nd7 15. f4
Nb6 16. f5 Nbxc4 17. h3 Nxd2 18. Qxd2 Nc4 19. Qd3 Nb2 20. Qc2 Qa5 21. Rac1 Qxc3
22. Qxc3 Bxc3 23. Rxc3 Be2 24. Ra1 Na4 25. Rc2 Bd3 26. Rd2 c4 27. fxg6 fxg6 28.
e5 dxe5 29. Re1 Rfc8 30. Kf2 c3 31. Rxd3 c2 32. d6 exd6 33. Bd5+ Kg7 34. Bb3
Nc5 35. Bxc2 Rb2 36. Rd2 Ra8 1/2-1/2

[Event "Tournoi des pays de l'OTAN 2012"]
[Site "BREST (France)"]
[Date "2012.10.02"]
[Round "3.11"]
[White "Keough, Robert W"]
[Black "Bohn, Ulrich"]
[Result "0-1"]
[WhiteElo "2076"]
[BlackElo "2184"]
[PlyCount "108"]
[EventDate "2012.??.??"]

1. e4 g6 2. d4 Bg7 3. Nf3 d6 4. Bd3 e5 5. dxe5 dxe5 6. O-O Ne7 7. Bb5+ Nd7 8.
b3 O-O 9. Bb2 c6 10. Bc4 b5 11. Be2 Bb7 12. a4 b4 13. Qd6 Rb8 14. Rd1 Nf6 15.
Qxb4 Ba8 16. Qa3 Qb6 17. Qxe7 Rfe8 18. Qa3 Nxe4 19. Rf1 Bf8 20. Qa2 Bc5 21. a5
Bxf2+ 22. Kh1 Qe3 23. Nbd2 Nxd2 24. Nxd2 Qxe2 25. Ne4 Qxe4 26. Rxf2 f5 27. b4+
Qd5 28. c4 Qe4 29. c5+ Qd5 30. Qa3 Re7 31. Qc3 Qd4 32. Qb3+ Qd5 33. Qa4 Rd8 34.
Rff1 Qe6 35. Rfd1 Rd5 36. Rxd5 cxd5 37. b5 a6 38. Rc1 axb5 39. Qxb5 Qc6 40.
Qxc6 Bxc6 41. Re1 e4 42. Ra1 Kf7 43. Kg1 Ke6 44. Kf2 Rb7 45. Ra2 f4 46. a6 Ra7
47. Bd4 Kf5 48. Ra5 g5 49. Ke2 Rxa6 50. Rxa6 Bb5+ 51. Kf2 e3+ 52. Ke1 Bxa6 53.
h3 Bb5 54. Bg7 h5 0-1

[Event "Tournoi des pays de l'OTAN 2012"]
[Site "BREST (France)"]
[Date "2012.10.02"]
[Round "3.17"]
[White "Baxted, Peter"]
[Black "Franck, Boris"]
[Result "0-1"]
[WhiteElo "2003"]
[BlackElo "2087"]
[PlyCount "48"]
[EventDate "2012.??.??"]

1. d4 g6 2. c4 Bg7 3. Nc3 d6 4. Nf3 c6 5. Bf4 Bg4 6. Qb3 Bxf3 7. exf3 Bxd4 8.
Qxb7 Nd7 9. Qxc6 Rc8 10. Qa4 Qb6 11. Qc2 Ne5 12. Bxe5 Bxe5 13. Be2 Nh6 14. Bd3
Nf5 15. Bxf5 gxf5 16. O-O Rxc4 17. Qxf5 e6 18. Qd3 Rb4 19. Rac1 Ke7 20. b3 Rg8
21. Na4 Qa5 22. g3 h5 23. Rfd1 h4 24. Qd2 Rxa4 0-1

[Event "Tournoi des pays de l'OTAN 2012"]
[Site "BREST (France)"]
[Date "2012.10.02"]
[Round "3.23"]
[White "Bublys, Vaidotas"]
[Black "Zengin, Sedat"]
[Result "0-1"]
[WhiteElo "1930"]
[BlackElo "2056"]
[PlyCount "30"]
[EventDate "2012.??.??"]

1. d4 Nf6 2. Nf3 g6 3. c4 d5 4. Nc3 Bg7 5. Bf4 O-O 6. e3 c5 7. Be2 dxc4 8. Bxc4
Qa5 9. O-O cxd4 10. Nxd4 e5 11. Bxe5 Qxe5 12. Bb3 Nc6 13. Nf3 Qc5 14. Na4 Qb4
15. Qc2 Bf5 0-1

[Event "Tournoi des pays de l'OTAN 2012"]
[Site "BREST (France)"]
[Date "2012.10.02"]
[Round "3.33"]
[White "Van Den Heuvel, Tonnie"]
[Black "Bellemare, Regis"]
[Result "1-0"]
[WhiteElo "1874"]
[BlackElo "1764"]
[PlyCount "77"]
[EventDate "2012.??.??"]

1. c4 Nf6 2. g3 d5 3. Bg2 dxc4 4. Qa4+ Bd7 5. Qxc4 Nc6 6. e3 e5 7. a3 Rb8 8. b4
a6 9. Ne2 Ne7 10. Qc2 Bf5 11. e4 Bg4 12. f3 Be6 13. Bb2 Nc6 14. O-O Qd7 15. Rd1
Rd8 16. d4 exd4 17. Nxd4 Nxd4 18. Rxd4 Qc8 19. Rxd8+ Qxd8 20. Nc3 Be7 21. Na4
b6 22. Rc1 Qd7 23. Rd1 Qc8 24. Be5 Bd8 25. Rc1 Qd7 26. Bxc7 Bxc7 27. Qxc7 O-O
28. Nxb6 Qd4+ 29. Kh1 Rd8 30. Nd5 Rf8 31. Qc5 Qb2 32. Ne7+ Kh8 33. Ng6+ hxg6
34. Qxf8+ Kh7 35. Qc5 Qxa3 36. Qc3 Qa2 37. Kg1 Nh5 38. Ra1 Qe2 39. Bf1 1-0

[Event "Tournoi des pays de l'OTAN 2012"]
[Site "BREST (France)"]
[Date "2012.10.02"]
[Round "3.38"]
[White "Cohnen, Michael"]
[Black "Echavarria Hidalgo, Fernando"]
[Result "1-0"]
[WhiteElo "1809"]
[BlackElo "1774"]
[PlyCount "67"]
[EventDate "2012.??.??"]

1. d4 Nf6 2. c4 e6 3. Nc3 d5 4. cxd5 exd5 5. Bg5 c6 6. Qc2 Be7 7. e3 Be6 8. Bd3
Nbd7 9. Nf3 h6 10. Bh4 Bg4 11. O-O Bxf3 12. gxf3 g5 13. Bg3 h5 14. h3 Nf8 15.
Rfe1 Bd6 16. Bxd6 Qxd6 17. e4 dxe4 18. Nxe4 Nxe4 19. Bxe4 O-O-O 20. d5 c5 21.
b4 b6 22. bxc5 Qxc5 23. Qb2 Qd6 24. Qxh8 h4 25. Rec1+ Kb8 26. Rc6 Qe7 27. Qd4
Nd7 28. d6 Qe6 29. Qd5 Qxd5 30. Bxd5 f6 31. Rc7 Nc5 32. Rb1 Rxd6 33. Rxc5 a6
34. Be4 1-0